Mi infancia y juventud ; (Record n. 3606)

Dettagli MARC
000 -LEADER
fixed length control field 00840nam a2200229 i 4500
003 - CONTROL NUMBER IDENTIFIER
control field IT-RoINE
005 - DATE AND TIME OF LATEST TRANSACTION
control field 20190909045154.0
008 - FIXED-LENGTH DATA ELEMENTS--GENERAL INFORMATION
fixed length control field 070618s2007 sp | r o||| |dspa d
020 ## - INTERNATIONAL STANDARD BOOK NUMBER
International Standard Book Number 9788496793019
040 ## - CATALOGING SOURCE
Original cataloging agency SpMaBN
Language of cataloging spa
Transcribing agency IT-RoINE
Description conventions rdc
100 1# - MAIN ENTRY--PERSONAL NAME
9 (RLIN) 7417
Personal name Ramón y Cajal, Santiago,
Dates associated with a name 1852-1934
245 10 - TITLE STATEMENT
Title Mi infancia y juventud ;
Remainder of title El mundo visto a los ochenta años : memorias
Statement of responsibility, etc Santiago Ramón y Cajal.
260 ## - PUBLICATION, DISTRIBUTION, ETC. (IMPRINT)
Place of publication, distribution, etc Zaragoza :
Name of publisher, distributor, etc Prames ;
-- Departamento de Educación, Cultura y Deporte
Date of publication, distribution, etc 2007.
300 ## - PHYSICAL DESCRIPTION
Extent 398 p. ;
Dimensions 25 cm.
336 ## - CONTENT TYPE
Source rdacontent
Content type term text
337 ## - MEDIA TYPE
Source rdamedia
Media type term unmediated
338 ## - CARRIER TYPE
Source rdacarrier
Carrier type term volume
504 ## - BIBLIOGRAPHY, ETC. NOTE
Bibliography, etc Bibliografía: p. 360-362
740 32 - ADDED ENTRY--UNCONTROLLED RELATED/ANALYTICAL TITLE
Uncontrolled related/analytical title El mundo visto a los ochenta años
700 12 - ADDED ENTRY--PERSONAL NAME
9 (RLIN) 7418
Personal name Ramón y Cajal, Santiago,
Dates associated with a name 1852-1934.
Title of a work El mundo visto a los ochenta años
942 ## - ADDED ENTRY ELEMENTS (KOHA)
Item type Monografías
Dati di copia
Withdrawn status Lost status Damaged status Not for loan Home library Current library Date acquired Total Checkouts Full call number Barcode Date last seen Price effective from Koha item type
        Iglesia Nacional Española en Roma Iglesia Nacional Española en Roma 08/05/2014   BIO 1590 4070 08/05/2014 08/05/2014 Monografías